<?xml version="1.0" encoding="UTF-8"?><?xml-stylesheet type="text/xsl" href="static/style.xsl"?><OAI-PMH xmlns="http://www.openarchives.org/OAI/2.0/" xmlns:xsi="http://www.w3.org/2001/XMLSchema-instance" xsi:schemaLocation="http://www.openarchives.org/OAI/2.0/ http://www.openarchives.org/OAI/2.0/OAI-PMH.xsd"><responseDate>2026-06-01T23:27:14Z</responseDate><request verb="GetRecord" identifier="oai:riuma.uma.es:10630/24526" metadataPrefix="marc">https://riuma.uma.es/rest/oai/request</request><GetRecord><record><header><identifier>oai:riuma.uma.es:10630/24526</identifier><datestamp>2026-02-03T12:10:07Z</datestamp><setSpec>com_10630_2254</setSpec><setSpec>col_10630_37959</setSpec></header><metadata><record xmlns="http://www.loc.gov/MARC21/slim" xmlns:dcterms="http://purl.org/dc/terms/" xmlns:doc="http://www.lyncode.com/xoai" xmlns:xsi="http://www.w3.org/2001/XMLSchema-instance" xsi:schemaLocation="http://www.loc.gov/MARC21/slim http://www.loc.gov/standards/marcxml/schema/MARC21slim.xsd">
   <leader>00925njm 22002777a 4500</leader>
   <datafield ind2=" " ind1=" " tag="042">
      <subfield code="a">dc</subfield>
   </datafield>
   <datafield ind2=" " ind1=" " tag="720">
      <subfield code="a">Caizán-Juanarena, Leire</subfield>
      <subfield code="e">author</subfield>
   </datafield>
   <datafield ind2=" " ind1=" " tag="720">
      <subfield code="a">Zamudio-García, Javier</subfield>
      <subfield code="e">author</subfield>
   </datafield>
   <datafield ind2=" " ind1=" " tag="720">
      <subfield code="a">Porras-Vázquez, José Manuel</subfield>
      <subfield code="e">author</subfield>
   </datafield>
   <datafield ind2=" " ind1=" " tag="720">
      <subfield code="a">Ramírez-Losilla, Enrique</subfield>
      <subfield code="e">author</subfield>
   </datafield>
   <datafield ind2=" " ind1=" " tag="720">
      <subfield code="a">Marrero-López, David</subfield>
      <subfield code="e">author</subfield>
   </datafield>
   <datafield ind2=" " ind1=" " tag="260">
      <subfield code="c">2022</subfield>
   </datafield>
   <datafield ind2=" " ind1=" " tag="520">
      <subfield code="a">Solid Oxide Fuel Cells (SOFC) are efficient electrochemical devices that are able to convert chemical energy in the form of fuels into electricity, but at low operating temperatures they are mainly limited by the high polarization resistance of the cathode. This way, optimizing the electrode microstructure and incorporating functional layers have proven to be useful to improve electrode properties. The present work proposes the incorporation of several nanocomposite functional layers by spray-pyrolisis at the La0.8Sr0.2MnO3-d (LSM) cathod, by combining different ionic conductors, i.e. LSM-Ce0.9Gd0.1O1.95 (CGO) and LSM-Bi1.5Y0.5O3 (BYO). These exhibited lower grain size compared to that of the homologous single phase; specially the LSM-CGO nanocomposite showed improved adherence to the electrolyte without the presence of any crack or delamination after annealing at 1000 ºC. The incorporation of functional layers also reduced the Area Specific Resistance (ASR) values of the cathode and the full cell with LSM-CGO as functional layer revealed higher power densities than the cell with no functional layer.</subfield>
   </datafield>
   <datafield ind1="8" ind2=" " tag="024">
      <subfield code="a">https://hdl.handle.net/10630/24526</subfield>
   </datafield>
   <datafield tag="653" ind2=" " ind1=" ">
      <subfield code="a">Combustibles</subfield>
   </datafield>
   <datafield tag="653" ind2=" " ind1=" ">
      <subfield code="a">Materiales nanocompuestos</subfield>
   </datafield>
   <datafield tag="653" ind2=" " ind1=" ">
      <subfield code="a">Electroquímica</subfield>
   </datafield>
   <datafield tag="653" ind2=" " ind1=" ">
      <subfield code="a">Cátodos</subfield>
   </datafield>
   <datafield tag="653" ind2=" " ind1=" ">
      <subfield code="a">Electroquímica -- Aparatos e instrumentos</subfield>
   </datafield>
   <datafield ind2="0" ind1="0" tag="245">
      <subfield code="a">La0.8Sr0.2MnO3-d-based nanocomposite functional layers for improved cathode efficiency in SOFCs</subfield>
   </datafield>
</record>
</metadata></record></GetRecord></OAI-PMH>